Cálculo numérico (Record no. 40172)

MARC details
000 -LEADER
campo de control de longitud fija 00691nam a2200205 i 4500
001 - NÚMERO DE CONTROL
campo de control 40172
003 - IDENTIFICADOR DE NÚMERO DE CONTROL
campo de control ES-MaACL
005 - FECHA Y HORA DE LA ÚLTIMA TRANSACCIÓN
campo de control 20230906160144.0
007 - CAMPO FIJO DE DESCRIPCIÓN FÍSICA--INFORMACIÓN GENERAL
campo de control de longitud fija t|
008 - DATOS DE LONGITUD FIJA--INFORMACIÓN GENERAL
campo de control de longitud fija 030305s1979 sp ||||1| spa d
100 1# - ENTRADA PRINCIPAL--NOMBRE DE PERSONA
Nombre de persona Carnahan, Brice.
9 (RLIN) 35356
245 10 - MENCIÓN DEL TÍTULO
Título Cálculo numérico
Resto del título : métodos, aplicaciones /
Mención de responsabilidad, etc. Brice Carnahan, H. A. Luther, James O. Wilkes ; versión Manuel Melis Maynar, Enrique de Miguel Anasagasti.
260 ## - PUBLICACIÓN, DISTRIBUCIÓN, ETC.
Lugar de publicación, distribución, etc. Madrid :
Nombre del editor, distribuidor, etc. Rueda,
Fecha de publicación, distribución, etc. [1979]
300 ## - DESCRIPCIÓN FÍSICA
Extensión 639 p. ;
Dimensiones 28 cm.
700 1# - ENTRADA AGREGADA--NOMBRE PERSONAL
Nombre de persona Luther, H. A.
9 (RLIN) 74871
700 1# - ENTRADA AGREGADA--NOMBRE PERSONAL
Nombre de persona Wilkes, James O.
9 (RLIN) 116854
700 1# - ENTRADA AGREGADA--NOMBRE PERSONAL
Nombre de persona Melis Maynar, Manuel.
9 (RLIN) 79980
700 1# - ENTRADA AGREGADA--NOMBRE PERSONAL
Nombre de persona Anasagasti, Miguel.
9 (RLIN) 21373
852 ## - LOCALIZACIÓN
Ubicación ES-MaACL
Número de control de estantería A-9912
Sublocalización o colección R.99363
Holdings
Estatus retirado Estado de pérdida Estado de daño No para préstamo Biblioteca de origen Biblioteca actual Ubicación en estantería Fecha de adquisición Fuente de adquisición Total de préstamos Signatura topográfica completa Código de barras Visto por última vez Precio de reemplazo Tipo de ítem Koha
        Biblioteca del Ateneo de Madrid Biblioteca del Ateneo de Madrid Depósito 1 17/01/2008     A-9912 1042295 23/02/2023 23/02/2023 Libro impreso